| 000 | 01141cam a2200229 4500 | ||
|---|---|---|---|
| 001 | L129142 | ||
| 008 | 050322n2005 000 0 eng u | ||
| 020 | _a1403940959 | ||
| 035 | _a(Sirsi) u129142 | ||
| 041 | _aeng | ||
| 050 |
_a690.24 _c18 |
||
| 100 | _aRiley, Mike | ||
| 245 |
_aConstruction technology 3 _bthe technology of refurbishment and maintenance |
||
| 260 |
_aBasingstoke _bPalgrave Macmillan _c2005 |
||
| 300 |
_avii, 248p. _bill. _c25cm. |
||
| 350 | _a20.99 | ||
| 520 | _aAims to be a learning text, that supports the study of construction technology and management courses in refurbishment and maintenance. Focuses on the technology of refurbishment in both housing and large-span, multi storey commercial and industrial buildings. This volume can be used as a stand alone text or read in conjunction with the earlier two volumes, "Construction Technology 1: House Construction" (ISBN 0333804562) and "Construction Technology 2: Industrial and Commercial Building" (ISBN 0333804821). | ||
| 520 | _aSuperseded by 2 ed ISBN 9780230290143 | ||
| 690 |
_aRefurbishment _96264 |
||
| 700 | _aCotgrave, Alison | ||
| 942 | _n0 | ||
| 999 |
_c104111 _d104111 |
||